| 000 | 00802nam a2200265 a 4500 | ||
|---|---|---|---|
| 001 | 14429 | ||
| 003 | BD-RjUL | ||
| 005 | 20211208235627.0 | ||
| 008 | 140206s1979 nyua b 001 0 eng d | ||
| 020 | _a0397543093 | ||
| 035 | _a(BD-RjUL)14481 | ||
| 040 |
_aDLC _cDLC _dDLC _dBD-RjUL _beng |
||
| 041 | _aeng | ||
| 082 | 0 | 0 |
_223 _a616 _bBUM 1979 |
| 100 | 1 |
_aBurton, Gwendolyn R. W. _q(Gwendolyn R. Wilson) _945005 |
|
| 245 | 1 | 0 |
_aMicrobiology for the health sciences / _cGwendolyn R. Burton. |
| 260 |
_aNew York : _bLippincott, _cc1979. |
||
| 300 |
_axiii, 198 p. : _bill. ; _c22 cm. |
||
| 504 | _aBibliography: p. 190-192. | ||
| 504 | _aIncludes index. | ||
| 650 | 0 |
_aMedical microbiology. _937654 |
|
| 650 | 0 |
_aAllied health personnel. _945007 |
|
| 650 | 0 |
_aMicrobiology. _9216563 |
|
| 942 |
_2ddc _cBK |
||
| 999 |
_c14429 _d14429 |
||